Ünnepi Ételek Ukrajnában
| Main Author: | |
|---|---|
| Other Authors: | |
| Format: | Thesis |
| Kulcsszavak: | Ünnep, Ukrajna Ünnepi étel, Ukrajna Konyha, ukrán Étkezési szokás, változás Elemzés |
| Online Access: | http://dolgozattar.uni-bge.hu/59377 |
MARC
| LEADER | 00000nta a2200000 i 4500 | ||
|---|---|---|---|
| 001 | dolg59377 | ||
| 005 | 20260114084727.0 | ||
| 008 | 260114suuuu hu om 000 hun d | ||
| 040 | |a BGE Dolgozattár Repozitórium |b hun | ||
| 041 | |a hu | ||
| 100 | 1 | |a Parashchynets Melinda | |
| 245 | 1 | 0 | |a Ünnepi Ételek Ukrajnában |c Parashchynets Melinda |h [elektronikus dokumentum] |
| 695 | |a Ünnep, Ukrajna | ||
| 695 | |a Ünnepi étel, Ukrajna | ||
| 695 | |a Konyha, ukrán | ||
| 695 | |a Étkezési szokás, változás | ||
| 695 | |a Elemzés | ||
| 700 | 1 | |a Gundel Dr. János |e ths | |
| 856 | 4 | 0 | |u http://dolgozattar.uni-bge.hu/59377/1/Parashchynets-Melinda.pdf |z Dokumentum-elérés |